000 00405nam a2200181Ia 4500
001 804
005 20260306140545.0
008 260306t2017||||xx |||||||||||||| ||spa||
041 _aESP
082 _a170
_bE77
100 _aEscobar Valenzuela, Gustavo
_eAUT
245 0 _aÉtica 1
260 _c2017
300 _a143 páginas :
_c27 cm.
650 _aGEN
654 _aCHU
942 _cLIB
_dJUS
_fJUS
_2ddc
_n
999 _c804
_d804